000 01103nam a22002537a 4500
999 _c64997
_d64997
005 20240530110801.0
008 190211s2018 ua g 000 | ara d
017 _a2017/28575
_bمصر. دار الكتب
020 _a9789773769957
040 _aEG-CaGPL
_cEG-CaGPL
082 0 4 _221
_a576.88/
_bن أ
100 1 _aنوربيرجن، روته
245 1 0 _aاسرار السلالات البشرية المفقودة :
_bاثارت هذة الرؤية جدلا لا مثيل له فى تاريخ الفكر البشرى منذ صدور مركبات الالهة /
_cرونه نوربيرجن ؛ ترجمة فارس ضاهر ؛ تقديم عبدالرحمن غنيم
250 _aط.1
260 _aالقاهرة :
_bدار الكتاب العربى،
_c2018.
300 _a271 ص. ؛
_c24 سم.
650 0 7 _2qrmak
_aالنشوء و الارتقاء
650 0 7 _2qrmak
_aالسلالات البشرية
651 _2qrmak
700 0 _aفارس ضاهر
_eمترجم
700 0 _aعبدالرحمن غنيم
_eمقدم
942 _2ddc
_cBK